| Tag |
First Indicator |
Second Indicator |
Subfields |
| LEADER |
00000cam a2200000 4500 |
| 001 |
in00001865623 |
| 006 |
m | d | |
| 007 |
cr |n||||||||n |
| 008 |
870402s1799 enk|||| s 00||||eng d |
| 005 |
20260414174832.0 |
| 035 |
|
|
|a (CStRLIN)ESTCN27259
|
| 040 |
|
|
|a Cu-RivES
|c Cu-RivES
|d CStRLIN
|d Thomson Gale
|d UtOrBLW
|
| 100 |
1 |
|
|a Vaughan, William,
|d 1752-1850.
|
| 245 |
1 |
2 |
|a A comparative statement of the advantages and disadvantages of the docks in Wapping and the docks in the Isle of Dogs, with general remarks on the advantages of making the port of London a great depôt.
|
| 250 |
|
|
|a The second edition.
|
| 264 |
|
3 |
|a London :
|b printed by H. L. Galabin. May 30,
|c 1799.
|
| 300 |
|
|
|a 43, 1 unnumbered page ;
|c 8⁰.
|
| 336 |
|
|
|a text
|b txt
|2 rdacontent
|
| 337 |
|
|
|a computer
|b c
|2 rdamedia
|
| 338 |
|
|
|a online resource
|b cr
|2 rdacarrier
|
| 500 |
|
|
|a Anonymous. By William Vaughan.
|
| 500 |
|
|
|a Reproduction of original from the University of London's Goldsmiths' Library.
|
| 510 |
4 |
|
|a Goldsmiths',
|c 17738
|
| 510 |
4 |
|
|a English Short Title Catalog,
|c ESTCN27259.
|
| 533 |
|
|
|a Electronic reproduction.
|b Farmington Hills, Mich. :
|c Thomson Gale,
|d 2003.
|n Available via the World Wide Web.
|n Access limited by licensing agreements
|7 s2003 miunns
|
| 500 |
|
|
|a Electronic resource.
|
| 830 |
|
0 |
|a Eighteenth century collections online.
|
| 856 |
4 |
0 |
|u http://proxy.library.tamu.edu/login?url=https://galenet.galegroup.com/servlet/ECCO?c=1&stp=Author&ste=11&af=BN&ae=N027259&tiPG=1&dd=0&dc=flc&docNum=CW108385228&vrsn=1.0&srchtp=a&d4=0.33&n=10&SU=0LRL+OR+0LRI&locID=txshracd2898
|z Full text online
|t 0
|
| 999 |
|
|
|a MARS
|
| 999 |
f |
f |
|s 8e20beee-f0e5-3ef3-a797-294cf990044f
|i 9dfef291-430f-35f8-bc17-3e9a4d327728
|t 0
|
| 952 |
f |
f |
|a Texas A&M University
|b College Station
|c Electronic Resources
|s www_evans
|d Available Online
|t 0
|h No information provided
|
| 998 |
f |
f |
|t 0
|l Available Online
|